Statistics for Diaspora-Malaysia

Click here to take the quiz!

General Stats

  • This quiz has been taken 39 times
  • The average score is 13 of 14

Answer Stats

Number of immigrants Continent Country % Correct
138.364OceaniaAustralia
100%
63.000EuropeUnited Kingdom
100%
26.179North AmericaUnited States of America
100%
12.442AsiaIndia
100%
8.115AsiaJapan
100%
5.000-10.000AsiaIndonesia
100%
15.000AsiaChina
97%
12.165North AmericaCanada
97%
685.979AsiaSingapore
95%
14.547OceaniaNew Zealand
89%
10.000AsiaTaiwan
89%
6.000AsiaUnited Arab Emirates
86%
70.000AsiaBrunei
78%
5.000AsiaQatar
78%

Score Distribution

Percentile by Number Answered

Percent of People with Each Score

Your Score History

You have not taken this quiz